| 000 | nam a22 7a 4500 | ||
|---|---|---|---|
| 999 |
_c24300 _d24300 |
||
| 008 | 170128b xxu||||| |||| 00| 0 eng d | ||
| 020 | _a9781256124764 | ||
| 050 | _aQA 152.2 .M37 2011 | ||
| 100 | _aMartin-Gay, Elayn. | ||
| 245 |
_aBeginning & intermediate algebra/ _cElayn Martin-Gay. |
||
| 260 |
_aBoston: _bPearson, _c2011. |
||
| 300 |
_axxiv, 898p. : _bill. ; _c28cm. |
||
| 500 | _aInclude index. | ||
| 650 | _aAlgebra. | ||
| 942 |
_2lcc _cBOOKS |
||